02273cam a22003495i 4500999001700000001000900017003000900026005001700035008004100052020003800093040003800131043001200169082002000181100004000201245004500241264007700286300004700363336002600410337002800436338002700464490004900491500002500540504005100565505036000616520058600976600006201562650009701624653002701721655001701748942001201765952014601777 c27885d2785617137131EG-ScBUE20191215142812.0120127s2013 enka f b 001 0 eng d a9780415454353 (pbk. : alk. paper) aDLCbengerdacDLCdDLCdEG-ScBUE an-us-ny04a812.54bCUM2221 aCummings, Scott T.,d1953-eauthor.10aMaria Irene Fornes /cScott T. Cummings. 1aAbingdon, Oxon ;aNew York :bRoutledge / Taylor & Francis Group,c2013. axxiv, 205 pages :billustrations ;c21 cm. atextbtxt2rdacontent aunmediatedbn2rdamedia avolumebnc2rdacarrier0 aRoutledge modern and contemporary dramatists aIncludes appendices. aIncludes bibliographical references and index.0 aOverview -- The 1960s. Getting started -- Off-off Broadway: the good scene -- Key play: Promenade (the apotheosis of Judson) -- The 1970s. Finding a way -- Key play: Fefu and her friends (turning over the stone) -- The 1980s. Found -- The PAJ plays -- Key play: Abingdon Square (conquering the vagueness) -- The 1990s. The night plays -- Coming to an end. aMaria Irene Fornes is the most influential female American dramatist of the 20th century. That is the argument of this important new study, the first to assess Fornes's complete body of work. Scott T. Cummings considers comic sketches, opera libretti and unpublished pieces, as well as her best-known plays, in order to trace the evolution of her dramaturgy from the whimsical Off-Off Broadway plays of the 1960s to the sober, meditative work of the 1990s. The book also reflects on her practice as an inspirational teacher of playwriting and the primary director of her own plays.17aFornes, Maria IrenexCriticism and interpretation.2BUEsh 7aTheaterxProduction and directionzNew York (State)zNew YorkxHistoryy20th century.2BUEsh bHHUUEENNcNovember2019 vReading book 2ddccBB 00102ddc40708BaccahaMAINbMAINc2NDd2019-11-27ePurchaseg550.00l0o812.54 CUMp000048372r2025-07-15 00:00:00v687.50w2019-11-27yBB